Prawo o ruchu drogowym oraz przepisy wykonawcze (kodeks drogowy).

Guardado en:
Detalles Bibliográficos
Autor Corporativo: Wydawnictwo Prawnicze
Formato: Libro
Lenguaje:polaco
Publicado: Warszawa : Wydaw. Prawnicze, 1987
Edición:Wyd. 3 uzup. i uaktual.
Materias:
Etiquetas: Agregar Etiqueta
Sin Etiquetas, Sea el primero en etiquetar este registro!

MARC

LEADER 00000nam a2200000 i 4500
001 991007170329705066
005 20260515140226.0
008 981023s1987 pl a |000 0 pol
020 |a 8321904017 
035 |a 991007170329705066 
035 |a (PL-WaBN)b11862749-48omnis_nlop 
035 |a b11862749 
035 |a (OCoLC)830205608 
035 |a (PL)b0000001186274 
035 |a (EXLNZ-48OMNIS_NETWORK)9910475402905606 
040 |a WA N  |c WA N 
041 0 |a pol 
080 |a 342.951:351.81::656.1](438)"19"(094.4) 
090 |c 54  |d 53 
245 0 0 |a Prawo o ruchu drogowym oraz przepisy wykonawcze (kodeks drogowy). 
250 |a Wyd. 3 uzup. i uaktual.  |a stan prawny na dzień 15 lutego 1987 r. 
260 |a Warszawa :  |b Wydaw. Prawnicze,  |c 1987  |e (Wroc. :  |f WZG 1). 
300 |a 208 s., [16] s. tabl. :  |b rys. (w tym kolor.) ;  |c 21 cm. 
500 |a Na s. red. błędny ISBN. 
650 7 |a Transport drogowy 
651 7 |a Polska 
710 2 |a Wydawnictwo Prawnicze 
920 |a 83-219-0401-7 zł 320 
942 |c K 
952 |0 0  |1 0  |4 0  |6 R__32_000000000000000  |7 0  |9 52  |a RYT  |b RYT  |d 2026-03-17  |e 1/2026  |g 10.00  |l 0  |o R.32  |p 2000000000329  |r 2026-05-15 14:02:26  |w 2026-05-15  |y BK  |z da 
999 |c 52  |d 52